[Event "Montaiguillon rapid 1st"]
[Site "Montagne"]
[Date "2019.09.08"]
[Round "8"]
[White "Estadieu, Romeo"]
[Black "Mullon, Jean Baptiste"]
[Result "0-1"]
[WhiteElo "2099"]
[BlackElo "2357"]
[PlyCount "38"]
[EventDate "2019.09.08"]
[EventType "swiss (rapid)"]
[EventRounds "9"]
[EventCountry "FRA"]
[SourceTitle "EXT 2020"]
[Source "ChessBase"]
[SourceDate "2019.10.17"]
[SourceVersion "1"]
[SourceVersionDate "2019.10.17"]
[SourceQuality "1"]

1. d4 d5 2. c4 c6 3. Nf3 Nf6 4. Nc3 e6 5. e3 Nbd7 6. Qc2 Bd6 7. b3 0-0 8. Bb2 Qe7 9. Be2 a6 10. h3 Re8 11. g4 Bb4 12. Nd2 Nf8 13. 0-0-0 b6 14. e4 Bb7 15. e5 N6d7 16. cxd5 cxd5 17. Kb1 Rec8 18. Rc1 b5 19. f4 Bxc3 0-1

[Event "Montaiguillon rapid 1st"]
[Site "Montagne"]
[Date "2019.09.08"]
[Round "5"]
[White "Le Hetet, Nicolas"]
[Black "Estadieu, Romeo"]
[Result "0-1"]
[WhiteElo "2391"]
[BlackElo "2099"]
[PlyCount "44"]
[EventDate "2019.09.08"]
[EventType "swiss (rapid)"]
[EventRounds "9"]
[EventCountry "FRA"]
[SourceTitle "EXT 2020"]
[Source "ChessBase"]
[SourceDate "2019.10.17"]
[SourceVersion "1"]
[SourceVersionDate "2019.10.17"]
[SourceQuality "1"]

1. e4 e6 2. d4 d5 3. e5 c5 4. c3 Nc6 5. Nf3 Bd7 6. a3 f6 7. Bd3 Qc7 8. exf6 Nxf6 9. 0-0 Bd6 10. dxc5 Bxc5 11. c4 0-0 12. b4 Bd6 13. Nc3 Ne5 14. h3 Nxf3+ 15. Qxf3 Ne4 16. Qh5 Be8 17. Qh4 Be7 18. Qg4 Nxc3 19. cxd5 Nxd5 20. Bh6 Bf6 21. Qxe6+ Qf7 22. Qf5 gxh6 0-1

[Event "Espalion op 2nd"]
[Site "Espalion"]
[Date "2017.07.22"]
[Round "9"]
[White "Estadieu, Romeo"]
[Black "Cappon, John"]
[Result "1/2-1/2"]
[WhiteElo "2049"]
[BlackElo "2197"]
[PlyCount "65"]
[EventDate "2017.07.15"]
[EventType "swiss"]
[EventRounds "9"]
[EventCountry "FRA"]
[SourceTitle "CBM 179 Extra"]
[Source "ChessBase"]
[SourceDate "2017.08.23"]
[SourceVersion "1"]
[SourceVersionDate "2017.08.23"]
[SourceQuality "1"]

1. d4 d5 2. e3 Nc6 3. f4 Bf5 4. Bd3 Qd7 5. c3 Nh6 6. Nf3 f6 7. Bxf5 Nxf5 8. Qe2 0-0-0 9. 0-0 e5 10. fxe5 fxe5 11. dxe5 Bc5 12. Nd4 g6 13. Nd2 Nxe5 14. N2b3 Bb6 15. Nxf5 gxf5 16. Nd4 h5 17. Bd2 Rdf8 18. a4 c5 19. Nb3 Qd6 20. e4 fxe4 21. Rxf8+ Qxf8 22. Rf1 Qd6 23. a5 Bc7 24. Bf4 Qc6 25. Bxe5 Bxe5 26. Qf2 Bd6 27. Qf5+ Qd7 28. c4 Qxf5 29. Rxf5 d4 30. Nxc5 Re8 31. Rd5 Kc7 32. Kf2 d3 33. Ke3 1/2-1/2

[Event "Espalion op 2nd"]
[Site "Espalion"]
[Date "2017.07.18"]
[Round "5"]
[White "Estadieu, Romeo"]
[Black "Montsma, Foppe Jan"]
[Result "1/2-1/2"]
[WhiteElo "2049"]
[BlackElo "1834"]
[PlyCount "71"]
[EventDate "2017.07.15"]
[EventType "swiss"]
[EventRounds "9"]
[EventCountry "FRA"]
[SourceTitle "CBM 179 Extra"]
[Source "ChessBase"]
[SourceDate "2017.08.23"]
[SourceVersion "1"]
[SourceVersionDate "2017.08.23"]
[SourceQuality "1"]

1. d4 e6 2. c4 f5 3. Nc3 Nf6 4. e3 Bb4 5. Bd3 Bxc3+ 6. bxc3 0-0 7. f3 d6 8. Qc2 Nc6 9. Ne2 Qe7 10. Bd2 b6 11. 0-0 Bd7 12. Ng3 g6 13. e4 Rae8 14. Rae1 fxe4 15. Nxe4 Nxe4 16. Bxe4 Qf6 17. Qa4 Nb8 18. Qxa7 Qd8 19. Qa3 Nc6 20. Qc1 Ne7 21. Bg5 Qc8 22. Bd3 Qa6 23. Qd2 Qa5 24. g4 Rf7 25. h4 Qa8 26. Be4 Qa6 27. Bd3 Qa8 28. Be4 Qa6 29. Qe2 Qa5 30. Qe3 Qxa2 31. Bd3 Qa8 32. Bh6 Kh8 33. Be4 Qc8 34. d5 e5 35. Qe2 Ng8 36. Bd2 1/2-1/2